Регионална библиотека "Любен Каравелов" - Русе

Стопани (Запис номер 172643)

MARC детайли
000 -Лидер
Контролно поле с фиксирана дължина 01381nam a2200313 c 4500
003 - Код на организацията, давaща контролен номер
Контролно поле BLK
005 - Дата и час на последна редакция
Контролно поле 20240614162117.0
008 - Елементи от данни с фиксирана дължина
fixed length control field 180411b bul|||||r ||||||| ||bul||
010 ## - Наследен системен номер
LC control number KNG00180982000
040 ## - Източник на каталожния запис
Идентификатор на билиотеката - собственик на записа BLK
041 ## - Код за език
Код за езика на текст/звукозапис или на отделно заглавие Български
Код за езика КДБФ Български
080 ## - УДК
Текстов определител УДК Българска литература
УДК код - определител по УДК 821.163.2
УДК определител -32
УДК - код + определител 821.163.2-32
100 ## - Редна дума - Автор
Автор Северняк, Серафим
Титли или други наименования, свързани с автора псевд.
Автор - информация (биография) Бълг. писател, журналист, редактор, драматург
Дати, свързани с автора 1930 - 1988
Пълна форма на името Серафимов, Серафим Николов
R(LIN) 374151
139 ## - Редно поле
Редна дума Северняк, Серафим
Авторски знак Се - С 30
245 10 - Сведения за заглавието
Заглавие Стопани
Подзаглавни данни Разкази
Редно поле (дума) Серафим Северняк; * Серафим Николов Серафимов.
257 ## - Страна на издаване
Страна на създаване/издаване България
260 ## - Област на издателските данни
-- София
Име на издателя, разпространителя и проч. Бълг. писател
Година на издаване 1952
Печатница София : печ. Стоп. развитие
300 ## - Физическа характеристика
Страници 116 с.
Размери/Мащаб 17 см
380 ## - Жанр
Жанр Худож. лит.
500 ## - Общи забележки
Забележка Истинското име на авт. е Серафим Николов Серафимов. - 2 600 тир.
653 ## - Ключова дума – ненормативна
Ключова дума разкази
700 1# - Други автори (авторска отговорност)
Лично име Серафимов, Серафим Николов
Автороска отговорност (Описва отношението между автора и произведението) *
9 (RLIN) 306551
852 ## - Местоположение
Форматна сигнатура Цб І 306
856 4# - Електронен адрес и достъп
Електронен формат pdf - файл
Път до файла /url/
856 4# - Електронен адрес и достъп
Електронен формат pdf - файл
Път до файла /url/
942 ## - АРТИКУЛИ
Вид на библиотечния материал Книги
Скрит в OPAC Не
944 ## - СЪЗДАВАНЕ И РЕДАКЦИЯ на ЗАПИСА
Създаване/Редакция Създаване
Дата на регистрацията/редакция 04.09.2015
Статус, дата на статуса Севдалина Тодорова
Служител, извършил регистрацията/редакцията 30540
944 ## - СЪЗДАВАНЕ И РЕДАКЦИЯ на ЗАПИСА
Създаване/Редакция Редакция
Дата на регистрацията/редакция 04.09.2015
Статус, дата на статуса ф /
Служител, извършил регистрацията/редакцията Людмила_Стоянова
999 ## - СИСТЕМНИ КОНТРОЛНИ НОМЕРА
Koha biblionumber 172643
Koha biblioitemnumber 172643
Наличности
Код за отписване Код за изгубен артикул Източник на класификационната схема Код за повреда Коз за рестрикции Код за отдаване Артикулен № Име на библиотеката - собственик Име на библиотеката, в която се намира в момента Статус (Текущо местоположение) Дата на вписване в системата Местоположение - отдел Цена в лева Инвентарен номер Систематично азбучна сигнатура Баркод Номер на екземпляра Цена в евро Служебна бележка Служебен тип на артикула
  Не е изгубен Universal Decimal Classification Не е повреден само за читалня ползва се в читалня 294328 Регионална библиотека "Любен Каравелов" Русе Регионална библиотека "Любен Каравелов" Русе Хранилище 1952-01-01 Основен фонд - ползва се само за читалня 0.51 293/53 Цб І 306 900000020463 1 0.26 Дост: Pk Вид: Ф N: стар фонд Дата: 01.01.1952 Книги
Vip Innovations Ltd, Rousse, Bulgaria 2025